000 00926nam a2200277Ia 4500
003 OSt
005 20220918171158.0
006 a|||||r|||| 00| 0
007 ta
008 220917b |||||||| |||| 00| 0 eng d
020 _a9781405161619 (hbk)
_c6134.93
024 _a280,847
037 _bCBS/287, 18/03/2014, Classic Book Service
_cTextual
040 _aARTS
_cARTS
_beng
041 _2eng
_aeng
082 _aRjN22, Q3
100 _aChase Michael Ed.
_934634
245 0 _aPhilosophy as a way of life
_b Ancient and modern
260 _aWest Sussax
_b John Wiley & Sons U.S.A
_c2013
300 _axv, 324p.
_ccm.
650 _aPHILOSOPHY
700 _a Clark Stephen R. L. Ed.
_934635
700 _a McGhee Michael Ed.
_934636
942 _hRjN22, Q3
_cTEXL
_2CC
999 _c138223
_d138223